Nothing can be as crazy- (Record no. 232820)

000 -LEADER
fixed length control field nam a22 7a 4500
003 - CONTROL NUMBER IDENTIFIER
control field Nust
005 - DATE AND TIME OF LATEST TRANSACTION
control field 20170223150715.0
008 - FIXED-LENGTH DATA ELEMENTS--GENERAL INFORMATION
fixed length control field 170223b xxu||||| |||| 00| 0 eng d
020 ## - INTERNATIONAL STANDARD BOOK NUMBER
International Standard Book Number 9788129115522
040 ## - CATALOGING SOURCE
Transcribing agency Nust
082 ## - DEWEY DECIMAL CLASSIFICATION NUMBER
Classification number 823
Author Mark JAI
100 ## - MAIN ENTRY--PERSONAL NAME
Personal name Jain, Ajay Mohan
245 ## - TITLE STATEMENT
Title Nothing can be as crazy-
Statement of responsibility, etc. by Ajay Mohan Jain
260 ## - PUBLICATION, DISTRIBUTION, ETC.
Place of publication, distribution, etc. New Delhi:
Name of publisher, distributor, etc. Rupa G.
Date of publication, distribution, etc. 2010
300 ## - PHYSICAL DESCRIPTION
Extent 244 p.
650 ## - SUBJECT ADDED ENTRY--TOPICAL TERM
Topical term or geographic name entry element City and town life
942 ## - ADDED ENTRY ELEMENTS (KOHA)
Source of classification or shelving scheme
Koha item type Book
Holdings
Withdrawn status Lost status Source of classification or shelving scheme Damaged status Not for loan Permanent Location Current Location Shelving location Date acquired Total Checkouts Total Renewals Full call number Barcode Date last seen Date last checked out Copy number Price effective from Koha item type
          Central Library (CL) Central Library (CL) Fiction 02/23/2017 1 1 823.914 JAI CL1635 07/08/2021 03/06/2021 1 02/23/2017 Book
© 2023 Central Library, National University of Sciences and Technology. All Rights Reserved.